History Quiz

Random History or Grab Bag Quiz
Score 0/20 Timer 05:00
4 Plays Today
Event 1 (Y)es or (N)o? % Correct
Dissolution of USSR???
86.8%
Leonardo da Vinci is born???
85.6%
Wright Brothers fly at Kitty Hawk???
84.2%
'The Wizard of Oz' movie debuts in theaters???
83.3%
Alexander Graham Bell patents the telephone???
80.1%
End of the American Revolutionary War???
77.7%
Michelangelo finishes sculpting the Statue of David???
77.4%
King Tut ends his reign of Egypt???
74.5%
Beginning of the Qing Dynasty's reign of China???
74.2%
First modern Olympic games???
71.5%
Event 1 (Y)es or (N)o? % Correct
Henry VIII crowned???
71.3%
'The Canterbury Tales' by Chaucer originally printed???
69.1%
Johannes Sebastian Bach is born???
67.9%
Mayflower lands at Plymouth Rock???
66.1%
Beginning of the Hundred Years' War???
62.3%
Marco Polo first travels the Silk Road???
61.3%
Aztec capital falls to Hernán Cortés???
60.4%
Darwin's 'On the Origin of Species' originally published???
57.1%
Jenner tests smallpox vaccine???
31.7%
Benedict XV elected as Pope???
30.3%
Remove Ads.
Support Sporcle.
Get the best of Sporcle when you Go Orange. This ad-free experience offers more features, more stats, and more fun while also helping to support Sporcle. Thank you for becoming a member.

You're not logged in!

Compare scores with friends on all Sporcle quizzes.
OR
Log In

Show Comments

Extras

Top Quizzes Today


Score Distribution

Your Account Isn't Verified!

In order to create a playlist on Sporcle, you need to verify the email address you used during registration. Go to your Sporcle Settings to finish the process.

Report this User

Report this user for behavior that violates our Community Guidelines.

Details: